000 00292nam a22001337a 4500
008 170307b xxu||||| |||| 00| 0 eng d
020 _a9780803679160
041 _aeng
080 _25TH
_a611
100 _a6
101 _aSHM
245 _aCLINICAL KINESIOLOGY
_cSMITH, L.K
942 _2udc
_cBK
999 _c6952
_d6952